[Event "Bucharest Queens"]
[Site "Bucharest"]
[Date "2023.08.23"]
[Round "2"]
[White "Peptan, Corina Isabela"]
[Black "Toncheva, Nadya"]
[Result "0-1"]
[WhiteElo "2329"]
[BlackElo "2253"]
[PlyCount "94"]
[EventDate "2023.08.22"]
[EventType "tourn"]
[EventRounds "9"]
[EventCountry "ROU"]
[SourceTitle "CBM 215 Extra"]
[Source "ChessBase"]
[SourceDate "2023.09.30"]
[SourceVersion "1"]
[SourceVersionDate "2023.09.30"]
[SourceQuality "1"]

1. d4 d5 2. c4 dxc4 3. e3 Nf6 4. Bxc4 e6 5. Nf3 a6 6. 0-0 c5 7. Qe2 b5 8. Bb3 Bb7 9. a4 c4 10. Bc2 Nbd7 11. e4 Be7 12. Bg5 Qc7 13. Nbd2 e5 14. axb5 axb5 15. Rxa8+ Bxa8 16. dxe5 Nxe5 17. Nd4 0-0 18. Nf5 Bd8 19. f4 Ng6 20. Bxf6 Bxf6 21. e5 Re8 22. Qg4 Be7 23. h4 c3 24. Ne4 cxb2 25. Bb1 Bxe4 26. Bxe4 Qc4 27. Nxe7+ Rxe7 28. Qf5 Nf8 29. Bb1 Rd7 30. h5 h6 31. Qg4 Rd2 32. Qf3 b4 33. Re1 Qc3 34. Qe4 Rd4 35. Qe2 Rxf4 36. Rd1 Qc5+ 37. Kh2 Rh4+ 38. Kg3 Qe7 39. Qxb2 Rxh5 40. Kf2 Rxe5 41. Qd4 Qf6+ 42. Kg3 Rg5+ 43. Kh2 Qxd4 44. Rxd4 Rb5 45. Bd3 Rb6 46. Bc4 b3 47. Rf4 Ne6 0-1

[Event "Geoagiu Bai Hunedoara op"]
[Site "Geoagiu Bai"]
[Date "2022.10.19"]
[Round "5"]
[White "Lupulescu, Constantin"]
[Black "Peptan, Corina Isabela"]
[Result "1-0"]
[WhiteElo "2603"]
[BlackElo "2366"]
[PlyCount "79"]
[EventDate "2022.10.16"]
[EventType "swiss"]
[EventRounds "9"]
[EventCountry "ROU"]
[SourceTitle "CBM 210 Extra"]
[Source "ChessBase"]
[SourceDate "2022.11.30"]
[SourceVersion "1"]
[SourceVersionDate "2022.11.30"]
[SourceQuality "1"]

1. e4 c5 2. Nf3 e6 3. d4 cxd4 4. Nxd4 a6 5. Bd3 Nf6 6. 0-0 Qc7 7. Qe2 d6 8. c4 Be7 9. Nc3 Nbd7 10. f4 b6 11. Kh1 Bb7 12. f5 e5 13. Nc2 h6 14. Nd5 Nxd5 15. cxd5 Nc5 16. Bd2 Rc8 17. Ne3 b5 18. Bc2 Bg5 19. a4 bxa4 20. Bxa4+ Nxa4 21. Rxa4 Qd7 22. Rb4 a5 23. Rb6 Bd8 24. Rb3 Ra8 25. Qg4 Bf6 26. Rc1 Ke7 27. Nc4 Rhc8 28. Qd1 a4 29. Rb4 Rab8 30. Rxa4 Bg5 31. Bxg5+ hxg5 32. Nb6 Rxc1 33. Qxc1 Qd8 34. Qxg5+ Ke8 35. Qxg7 Qxb6 36. Qg8+ Ke7 37. Qxb8 Qxb2 38. Qc7+ Kf6 39. h3 Qb5 40. Qxd6+ 1-0

[Event "ROM-chT (Women)"]
[Site "Oradea"]
[Date "2022.09.26"]
[Round "4.5"]
[White "Sandu, Mihaela"]
[Black "Peptan, Corina Isabela"]
[Result "1/2-1/2"]
[WhiteElo "2294"]
[BlackElo "2366"]
[PlyCount "107"]
[EventDate "2022.09.23"]
[EventType "team-tourn"]
[EventRounds "7"]
[EventCountry "ROU"]
[SourceTitle "CBM 210 Extra"]
[Source "ChessBase"]
[SourceDate "2022.11.30"]
[SourceVersion "1"]
[SourceVersionDate "2022.11.30"]
[SourceQuality "1"]

1. e4 c5 2. Nf3 e6 3. d4 cxd4 4. Nxd4 a6 5. Nc3 b5 6. Bd3 Bb7 7. 0-0 Nc6 8. Nxc6 Bxc6 9. Qe2 Bc5 10. a4 b4 11. Nd5 Ne7 12. Be3 Bxe3 13. Nxe3 a5 14. f4 0-0 15. e5 Ng6 16. Nc4 f5 17. Rf2 Rc8 18. Qe3 Qc7 19. Nd6 Rb8 20. Bb5 Ne7 21. c4 bxc3 22. bxc3 Nd5 23. Qd2 Qa7 24. c4 Nb4 25. h3 Qb6 26. Kh2 Na6 27. Re2 Nc5 28. Qe3 Rfd8 29. Qg3 Ne4 30. Nxe4 Bxe4 31. Rd2 d6 32. Rad1 d5 33. cxd5 exd5 34. Rc1 Rbc8 35. Rdd1 Qe6 36. Qe3 h6 37. Qd4 Rxc1 38. Rxc1 Rc8 39. Rc5 Kh7 40. Qc3 d4 41. Qxd4 Qa2 42. Bf1 Rb8 43. Rb5 Rxb5 44. axb5 a4 45. e6 Qxe6 46. Qxa4 Qd6 47. Qb3 Qxf4+ 48. Kg1 Qc1 49. b6 Qc5+ 50. Kh2 Qf2 51. Qb5 Qf4+ 52. Kg1 Qe3+ 53. Kh2 Qf4+ 54. Kg1 1/2-1/2

[Event "ROM-ch blitz (Women)"]
[Site "Bucharest"]
[Date "2022.03.13"]
[Round "6"]
[White "Bulmaga, Irina"]
[Black "Peptan, Corina Isabela"]
[Result "0-1"]
[WhiteElo "2184"]
[BlackElo "2293"]
[PlyCount "92"]
[EventDate "2022.03.13"]
[EventType "swiss (blitz)"]
[EventRounds "9"]
[EventCountry "ROU"]
[SourceTitle "EXT 2023"]
[Source "ChessBase"]
[SourceDate "2022.10.05"]
[SourceVersion "1"]
[SourceVersionDate "2022.10.05"]
[SourceQuality "1"]

1. e4 c5 2. Nf3 e6 3. d4 cxd4 4. Nxd4 Nc6 5. Nc3 Qc7 6. Be3 Nf6 7. Be2 a6 8. 0-0 Be7 9. f4 d6 10. Kh1 Bd7 11. Qe1 Nxd4 12. Bxd4 Bc6 13. Bd3 h5 14. Qg3 h4 15. Qxg7 Rh7 16. Qg5 Rh5 17. Qg7 Rh7 18. Qg5 Rh5 19. Bxf6 Rxg5 20. fxg5 0-0-0 21. h3 Rg8 22. Rf2 Bxf6 23. gxf6 Qb6 24. Nd1 Qd4 25. Re2 Qxf6 26. Nc3 Rg3 27. Rae1 Kb8 28. Nd1 Ka7 29. b3 d5 30. Nf2 Qf4 31. exd5 Bxd5 32. Be4 Bxe4 33. Nxe4 Rg7 34. c4 f5 35. Nc3 Qd4 36. Na4 Rg6 37. Rxe6 Rxe6 38. Rxe6 Qa1+ 39. Kh2 Qxa2 40. Nc5 Qa3 41. Re5 f4 42. Nd7 Qxb3 43. c5 Qc3 44. Rf5 Qd4 45. Rf7 Qd5 46. Kg1 Qxf7 0-1

[Event "ROM-ch blitz (Women)"]
[Site "Bucharest"]
[Date "2022.03.13"]
[Round "9"]
[White "Peptan, Corina Isabela"]
[Black "Nistor, Valentina"]
[Result "1-0"]
[WhiteElo "2293"]
[BlackElo "1718"]
[PlyCount "133"]
[EventDate "2022.03.13"]
[EventType "swiss (blitz)"]
[EventRounds "9"]
[EventCountry "ROU"]
[SourceTitle "EXT 2023"]
[Source "ChessBase"]
[SourceDate "2022.10.05"]
[SourceVersion "1"]
[SourceVersionDate "2022.10.05"]
[SourceQuality "1"]

1. d4 d5 2. c4 e6 3. Nf3 Nf6 4. g3 b6 5. Bg2 Bb7 6. 0-0 Nbd7 7. Nc3 Bd6 8. b3 0-0 9. Bb2 c5 10. cxd5 exd5 11. Rc1 Rc8 12. Bh3 Rb8 13. Nb5 Qe7 14. Nxd6 Qxd6 15. Ne5 cxd4 16. Nxd7 Nxd7 17. Qxd4 f6 18. Rfd1 Ne5 19. Rc2 Rbd8 20. Rcd2 Rfe8 21. Bg2 Ng6 22. e4 Re5 23. exd5 Rde8 24. h3 Re1+ 25. Rxe1 Rxe1+ 26. Kh2 Ne5 27. Qa4 Nd7 28. Ba3 Qc7 29. d6 Qc8 30. Qc4+ Qxc4 31. bxc4 Bxg2 32. Kxg2 Re4 33. Rc2 Rd4 34. Re2 Kf8 35. Re7 Ne5 36. Rxa7 Nxc4 37. Bb4 Nxd6 38. a3 Kg8 39. Rd7 Nb5 40. Rb7 Nd6 41. Rxb6 Ne4 42. Re6 Ng5 43. Re8+ Kf7 44. Re7+ Kg6 45. Re2 Ne4 46. h4 h6 47. Rc2 Rd3 48. a4 Rb3 49. Rc4 f5 50. Bc5 Rb2 51. Be3 Ra2 52. Rb4 Kf6 53. Rc4 Ke6 54. h5 Kf6 55. Rc6+ Kf7 56. Ra6 Ra3 57. a5 Ra4 58. Ra7+ Kg8 59. a6 Nd6 60. Ra8+ Kf7 61. a7 Nb5 62. Rb8 Nxa7 63. Rb7+ Ke6 64. Rxa7 Rg4 65. Ra6+ Kd5 66. Kf3 Rg5 67. Bxg5 1-0

[Event "ROM-ch Rapid (Women)"]
[Site "Bucharest"]
[Date "2022.03.12"]
[Round "9"]
[White "Peptan, Corina Isabela"]
[Black "Bulmaga, Irina"]
[Result "1/2-1/2"]
[WhiteElo "2384"]
[BlackElo "2390"]
[PlyCount "139"]
[EventDate "2022.03.11"]
[EventType "swiss (rapid)"]
[EventRounds "9"]
[EventCountry "ROU"]
[SourceTitle "CBM 207 Extra"]
[Source "ChessBase"]
[SourceDate "2022.05.31"]
[SourceVersion "1"]
[SourceVersionDate "2022.05.31"]
[SourceQuality "1"]

1. d4 Nf6 2. c4 e6 3. Nf3 b6 4. Nc3 Bb4 5. e3 Bb7 6. Bd2 c5 7. a3 Bxc3 8. Bxc3 Ne4 9. Rc1 0-0 10. dxc5 bxc5 11. Be2 d6 12. 0-0 Qb6 13. Nd2 Nxc3 14. Rxc3 Nd7 15. Qc2 a5 16. Rd1 Rab8 17. Rb3 Qc7 18. Nb1 Be4 19. Bd3 Rxb3 20. Qxb3 Rb8 21. Qc2 Bxd3 22. Rxd3 Qb6 23. Rd2 Nf6 24. Nc3 h6 25. h3 Rd8 26. Qd1 Qc6 27. Qa4 Qxa4 28. Nxa4 Kf8 29. Nxc5 Rc8 30. Nb7 Rxc4 31. Nxd6 Rc1+ 32. Kh2 Ke7 33. e4 e5 34. Nf5+ Kf8 35. Rd8+ Ne8 36. Ra8 Rd1 37. Rxa5 g6 38. Nxh6 Rd2 39. Ng4 Rxb2 40. Rxe5 Nd6 41. f3 Nc4 42. Rc5 Nxa3 43. Ne5 Nc2 44. Rc7 Ne1 45. Rxf7+ Kg8 46. Rd7 Rxg2+ 47. Kh1 Rg3 48. f4 Rxh3+ 49. Kg1 Re3 50. Rd4 Nc2 51. Kf2 Rc3 52. Rd8+ Kg7 53. Rd7+ Kf6 54. Rd6+ Ke7 55. Rxg6 Re3 56. Rg7+ Ke6 57. Rg6+ Ke7 58. f5 Rxe4 59. f6+ Kf8 60. Nd7+ Ke8 61. Rg7 Rf4+ 62. Kg3 Rf5 63. Re7+ Kd8 64. Rg7 Ke8 65. Re7+ Kd8 66. Rh7 Ke8 67. Rg7 Ne3 68. Re7+ Kd8 69. Rxe3 Kxd7 70. Rf3 1/2-1/2

[Event "ROM-ch Rapid (Women)"]
[Site "Bucharest"]
[Date "2022.03.12"]
[Round "5"]
[White "Peptan, Corina Isabela"]
[Black "Ciolacu, Alessia Mihaela"]
[Result "1/2-1/2"]
[WhiteElo "2384"]
[BlackElo "2239"]
[PlyCount "132"]
[EventDate "2022.03.11"]
[EventType "swiss (rapid)"]
[EventRounds "9"]
[EventCountry "ROU"]
[SourceTitle "CBM 207 Extra"]
[Source "ChessBase"]
[SourceDate "2022.05.31"]
[SourceVersion "1"]
[SourceVersionDate "2022.05.31"]
[SourceQuality "1"]

1. d4 Nf6 2. Nf3 e6 3. c4 d5 4. Nc3 Nbd7 5. cxd5 exd5 6. Bf4 c6 7. e3 Be7 8. h3 0-0 9. Bd3 Re8 10. 0-0 Nf8 11. Rb1 Ne6 12. Bh2 a5 13. a3 Bd6 14. Ne5 Qc7 15. Qc2 g6 16. Rfc1 Qe7 17. Na4 Ng7 18. Nb6 Ra7 19. Nxc8 Rxc8 20. Qd2 c5 21. b3 Rc7 22. a4 b6 23. Qd1 Ne6 24. Nf3 Bxh2+ 25. Kxh2 cxd4 26. exd4 Ne4 27. Bxe4 dxe4 28. Ne5 Qd6 29. Kg1 Nxd4 30. Ng4 h5 31. Ne3 Rxc1 32. Rxc1 Rd7 33. Rc8+ Kg7 34. Qa1 Qf6 35. Kf1 Rd6 36. Qb2 Nf5 37. Nxf5+ gxf5 38. Qxf6+ Kxf6 39. Ke2 Ke5 40. Re8+ Kd4 41. Rc8 f4 42. Rc7 f6 43. Rc1 Kd5 44. Rb1 Kc5 45. Rc1+ Kb4 46. Rc4+ Kxb3 47. Rxe4 b5 48. axb5 a4 49. Kf3 a3 50. Kxf4 a2 51. Re1 Rd5 52. b6 Rb5 53. g4 hxg4 54. hxg4 Kc2 55. b7 Rxb7 56. Kf5 Rb4 57. f4 Kb2 58. g5 fxg5 59. fxg5 a1Q 60. Rxa1 Kxa1 61. g6 Rb8 62. g7 Kb2 63. Kf6 Kc3 64. Kf7 Rb7+ 65. Kf6 Rb8 66. Kf7 Rb7+ 1/2-1/2

[Event "ROM-ch (Women)"]
[Site "Eforie Nord"]
[Date "2022.02.24"]
[Round "6"]
[White "Peptan, Corina Isabela"]
[Black "Nikanova, Ekaterina"]
[Result "1-0"]
[WhiteElo "2384"]
[BlackElo "1935"]
[PlyCount "55"]
[EventDate "2022.02.20"]
[EventType "swiss"]
[EventRounds "9"]
[EventCountry "ROU"]
[SourceTitle "CBM 207 Extra"]
[Source "ChessBase"]
[SourceDate "2022.05.31"]
[SourceVersion "1"]
[SourceVersionDate "2022.05.31"]
[SourceQuality "1"]

1. d4 d5 2. Nf3 Nf6 3. c4 c6 4. Qc2 Bg4 5. Ne5 e6 6. cxd5 exd5 7. Nc3 Bh5 8. Bg5 Be7 9. 0-0-0 Bg6 10. Nxg6 hxg6 11. e3 Nbd7 12. g3 Nf8 13. Bxf6 Bxf6 14. e4 Ne6 15. exd5 cxd5 16. Qa4+ Kf8 17. Bg2 Rh5 18. Kb1 Kg8 19. f4 a6 20. Ne2 Rc8 21. Qb3 Rc4 22. Qxb7 Nxd4 23. Nxd4 Bxd4 24. g4 a5 25. Rxd4 Rxd4 26. gxh5 Qf6 27. Qc8+ Kh7 28. Qc2 1-0